The use of lateral thinking
Saved in:
| Main Author: | |
|---|---|
| Format: | Book |
| Language: | English |
| Published: |
Harmondsworth :
Penguin Books,
1981
|
| Subjects: | |
| Tags: |
Add Tag
No Tags, Be the first to tag this record!
|
MARC
| LEADER | 00000cam a2200000 i 4500 | ||
|---|---|---|---|
| 001 | 1/26746 | ||
| 008 | 060322s1981 eng d | ||
| 020 | |a 0-1402-1446-1 | ||
| 035 | |l 10083235 | ||
| 040 | |a GR-MY-UA |b gre |e aacr | ||
| 041 | 0 | |a eng | |
| 082 | 0 | |a 153.42 |2 (22) | |
| 100 | 1 | |a De Bono, Edward |d 1933- | |
| 245 | 1 | 4 | |a The use of lateral thinking / |c Edward de Bono |
| 246 | 3 | 4 | |a The use of lateral thinking |b ; break the stranglehold of logical thinking |
| 260 | |a Harmondsworth : |b Penguin Books, |c 1981 | ||
| 300 | |a 140 σ.; |b εικ.; |c 18 εκ. | ||
| 650 | 0 | 0 | |a Thought and thinking. |
| 852 | |a INST |b LESVOS |e 20060322 |h 153.42 DEB |p 005100034770 |q 005100034770 |t BK |y 0 | ||
| 901 | |a BIBL1-2006-1 | ||
| 909 | |a Λ |b 126126 | ||
| 970 | |a ΚΑΡΑ |b ΓΙΑΣΕΜΗ |z 2006/03/22 | ||